000 00633nam a22002177a 4500
005 20251108173326.0
008 250721s1998 xx 000 0 ara d
020 _a9772764121
082 1 4 _aط/ 748.8
100 1 _aمتولي، سمير
245 1 0 _aالشفاف الملون /
264 1 _aالقاهرة :
_bالمكتب العربي للمعارف،
_c1998.
300 _a10ص.
490 0 _aهوايات و معارف
650 1 7 _aالزجاج
650 1 7 _aالهوايات
653 _aناشئون صغار (10-14 سنة)
653 _aالرسم على الزجاج
942 _2ddc
_cBK
999 _c101300
_d101300